[Event "6. Gibtelecom Masters"]
[Site "Gibraltar "]
[Date "2008.01.31"]
[Round "10"]
[White "Nakamura, Hikaru"]
[Black "Efimenko, Zahar"]
[Result "1-0"]
[WhiteElo "2670"]
[BlackElo "2638"]
[PlyCount "67"]
[EventDate "2008.01.22"]
[EventType "swiss"]
[EventRounds "10"]
[Source "Mark Crowther"]
[SourceDate "2008.01.14"]

1. c4 Nf6 2. Nc3 e5 {A22: Englische Eröffnung} 3. g3 Bb4 4. Bg2 Bxc3 5. bxc3
O-O 6. d3 d6 7. e4 Nc6 8. Ne2 (8. Nf3 Bd7 9. O-O Qc8 10. Bg5 Ne8 11. Be3 Bh3
12. c5 Bxg2 13. Kxg2 Kh8 14. h3 f5 15. exf5 Qxf5 16. cxd6 Nxd6 17. Nh4 Qe6 18.
Kh2 Rad8 19. Qe2 Nf5 20. Nxf5 Rxf5 21. Rab1 b6 22. Rbd1 Rdf8 {Osttveit,M (2084)
-Gupta,A (2335)/Nakhchivan 2003/0-1}) 8... Bd7 $146 (8... Rb8 9. O-O Ne8 10. h3
f5 11. exf5 Bxf5 12. g4 Bd7 13. f4 Qe7 14. f5 Kh8 15. Qe1 Nf6 16. Ng3 b5 17.
cxb5 Rxb5 18. Rf2 Rfb8 19. g5 Ng8 20. f6 gxf6 21. gxf6 Qf7 22. Ne4 h6 23. Rf1 {
Giorgadze,T (2520)-Escalona Cuevas,L/Seville 1990/1-0}) 9. h3 Ne8 10. O-O a6
11. a4 b6 12. f4 exf4 13. Bxf4 Ne5 14. Nd4 g6 15. Nc2 Ng7 16. Ne3 f6 17. d4 Nf7
18. g4 c6 19. Ra2 Ne6 20. Bg3 Neg5 (20... Ng7 $5 $16) 21. Qd3 Qe7 22. h4 Ne6
23. Rb2 Rab8 24. Rbf2 Nh6 25. c5 bxc5 26. dxc5 Nxc5 (26... Nf7 27. cxd6 Qd8 28.
Rxf6 $18) 27. Qxd6 Qxd6 28. Bxd6 Nxa4 29. Bxf8 Rxf8 30. g5 Ng4 (30... Nf7 31.
Rxf6 Nc5 32. Nc4 $18) 31. Nxg4 Bxg4 32. Rxf6 Rc8 (32... Rxf6 33. Rxf6 Nxc3 34.
e5 $18) 33. R1f4 Bd7 (33... h5 34. gxh6 Bd1 35. Bh3 $18) 34. Bf1 (34. Bf1 Nb6
35. c4 $18) 1-0

[Event "Corus A"]
[Site "Wijk aan Zee "]
[Date "2008.01.26"]
[Round "12"]
[White "Kramnik, Vladimir"]
[Black "Carlsen, Magnus"]
[Result "0-1"]
[WhiteElo "2799"]
[BlackElo "2733"]
[PlyCount "114"]
[EventDate "2008.01.12"]
[EventType "tourn"]
[EventRounds "13"]
[EventCategory "20"]
[Source "Mark Crowther"]
[SourceDate "2008.01.14"]

1. Nf3 Nf6 2. c4 e6 3. Nc3 c5 {A30: Englische Eröffnung (Symmetrische Variante)
} 4. g3 b6 5. Bg2 Bb7 6. O-O Be7 7. d4 cxd4 8. Qxd4 d6 9. Rd1 a6 10. Ng5 Bxg2
11. Kxg2 Nc6 12. Qf4 O-O 13. Nce4 Ne8 14. b3 Ra7 15. Bb2 Rd7 (15... b5 16. Nf3
Qa8 17. Rac1 h6 18. Ned2 Rd7 19. Kg1 Qb7 20. Qe4 bxc4 21. Qxc4 Rc7 22. Qd3 d5
23. Qb1 Nf6 24. e4 Qb6 25. exd5 exd5 26. Qf5 Rd8 27. Ne5 Bc5 28. Ndc4 dxc4 29.
Nxc4 Rxd1+ 30. Rxd1 {Wojtkiewicz,A (2580)-Ftacnik,L (2535)/Budapest 1993/0-1})
16. Rac1 Nc7 $146 (16... Qa8 17. Kg1 b5 18. Nf3 bxc4 19. Rxc4 d5 20. Nc5 Rd8
21. Rcc1 Nf6 22. Qa4 Nb8 23. Be5 Rc8 24. b4 Bxc5 25. bxc5 Ne4 26. Nd2 Nc6 27.
Nxe4 Nxe5 28. Nd6 Rc7 29. Qf4 Nd7 30. Nf5 Rxc5 31. Rxc5 {Van der Sterren,P 
(2470)-Kindermann,S (2500)/München1988/1/2-1/2}) 17. Nf3 f5 18. Nc3 g5 19. Qd2
g4 20. Ne1 Bg5 21. e3 Rff7 22. Kg1 Ne8 23. Ne2 Nf6 24. Nf4 Qe8 25. Qc3 Rg7 26.
b4 Ne4 27. Qb3 Rge7 28. Qa4 (28. f3 Nf6 $14) 28... Ne5 $11 29. Qxa6 Ra7 30. Qb5
Qxb5 31. cxb5 Rxa2 32. Rc8+ Kf7 33. Nfd3 Bf6 34. Nxe5+ (34. Bxe5 dxe5 35. Rc6
Rb7 $15) 34... dxe5 35. Rc2 Rea7 36. Kg2 (36. Nd3 Ng5 37. Nc1 Nf3+ 38. Kg2 R2a4
$17) 36... Ng5 $17 37. Rd6 (37. Rdd2 $5 $17) 37... e4 $19 38. Bxf6 (38. Bc1 Nf3
39. Kf1 Nxh2+ 40. Ke2 Nf3 $19) 38... Kxf6 39. Kf1 (39. Rd1 Nf3 40. Kf1 Nxh2+
41. Ke2 Nf3 $19) 39... Ra1 40. Ke2 Rb1 41. Rd1 Rxb4 42. Ng2 Rxb5 43. Nf4 Rc5
44. Rb2 b5 45. Kf1 Rac7 46. Rbb1 Rb7 47. Rb4 (47. Kg2 Rc2 48. Rb3 Nf3 $19)
47... Rc4 48. Rb2 b4 49. Rdb1 (49. Kg2 Nf3 $19) 49... Nf3 50. Kg2 Rd7 51. h3 (
51. Ra2 Rd6 52. Rab2 $19) 51... e5 52. Ne2 Rd2 53. hxg4 fxg4 54. Rxd2 Nxd2 55.
Rb2 Nf3 56. Kf1 (56. Rb1 Ke6 $19) 56... b3 $1 57. Kg2 (57. Rxb3 Nd2+) 57... Rc2
(57... Rc2 58. Rxb3 Rxe2 $19) 0-1

[Event "Corus A"]
[Site "Wijk aan Zee "]
[Date "2008.01.20"]
[Round "8"]
[White "Anand, Viswanathan"]
[Black "Topalov, Veselin"]
[Result "1-0"]
[WhiteElo "2799"]
[BlackElo "2780"]
[PlyCount "79"]
[EventDate "2008.01.12"]
[EventType "tourn"]
[EventRounds "13"]
[EventCategory "20"]
[Source "Mark Crowther"]
[SourceDate "2008.01.14"]

1. e4 c5 2. Nf3 d6 3. d4 cxd4 4. Nxd4 Nf6 5. Nc3 a6 6. Be3 {B90: Sizilianisch 
(Najdorf-Variante, Abweichungen)} e5 7. Nb3 Be6 8. f3 h5 9. Nd5 Bxd5 10. exd5
Nbd7 11. Qd2 g6 12. O-O-O (12. Na5 Qc7 13. Be2 Bg7 14. O-O-O Rc8 15. Kb1 O-O
16. Rc1 e4 17. f4 Nc5 18. Nb3 Na4 19. c3 Rfe8 20. Rhf1 Nb6 21. c4 Ng4 22. f5
Nxe3 23. Qxe3 Nd7 24. g4 Qb6 25. Qh3 Nc5 26. fxg6 fxg6 {Anand,V (2782)-Kramnik,
V (2770)/Dortmund 2004/1-0}) 12... Nb6 $146 13. Qa5 Bh6 14. Bxh6 Rxh6 15. Kb1
Rc8 16. Qb4 $1 Kf8 17. c4 Kg7 18. g3 $1 Rh8 19. Rc1 Qc7 20. Bh3 Rce8 21. Rhd1
Re7 22. a3 Rd8 23. Nd2 Nbd7 24. Qc3 a5 25. Bxd7 Nxd7 26. f4 Nf6 27. Rf1 b6 28.
h3 Qd7 29. f5 Rf8 30. Qe3 e4 31. g4 hxg4 32. hxg4 Re5 33. Rf4 Qd8 34. g5 Nh5
35. f6+ Kg8 36. Rxe4 Rfe8 37. Ka2 $1 a4 38. Rc3 Qc7 39. Qd4 Qc5 (39... Rxe4 40.
Nxe4 Re5 41. Rc1 $18) 40. Qxc5 (40. Qxc5 bxc5 41. Rce3 $18) 1-0

[Event "Corus B"]
[Site "Wijk aan Zee "]
[Date "2008.01.14"]
[Round "3"]
[White "Nepomniachtchi, Ian"]
[Black "Sargissian, Gabriel"]
[Result "1-0"]
[WhiteElo "2600"]
[BlackElo "2676"]
[PlyCount "101"]
[EventDate "2008.01.12"]
[EventType "tourn"]
[EventRounds "13"]
[EventCategory "15"]
[Source "Mark Crowther"]
[SourceDate "2008.01.14"]

1. e4 e5 2. Nf3 Nc6 3. Bb5 Nf6 4. d3 Bc5 {C65: Spanische Partie 
(Berliner-Verteidigung)} 5. O-O Nd4 6. Nxd4 Bxd4 7. Nd2 c6 8. Ba4 d6 9. c3 Bb6
10. Bb3 h6 $146 (10... O-O 11. Nc4 Bc7 12. Bg5 h6 13. Bh4 a5 (13... g5 14. Bg3
Ne8 15. d4 Qe7 16. f3 Ng7 17. Bf2 Be6 18. Ne3 Bd7 19. Qd3 Rad8 20. Rfe1 Kh8 21.
Rad1 a6 22. Bc2 Bc8 23. b4 Nh5 24. Nf5 Qf6 25. g3 Ng7 26. c4 Rfe8 27. d5 cxd5
28. cxd5 Bd7 29. a4 {Kosintseva,T (2474)-Sargissian,G (2658)/Wijk aan Zee 2007/
1-0}) 14. Ne3 Bb6 15. Nf5 Bxf5 16. exf5 d5 17. Kh1 Re8 18. Qf3 e4 19. dxe4 Rxe4
20. Bg3 Bc7 21. Bc2 Re7 22. Rfe1 Bxg3 23. Qxg3 a4 24. Re3 Rxe3 25. Qxe3 Qc7 26.
Re1 Ng4 27. Qg3 Qxg3 28. fxg3 {Matsuura,E (2511)-Karjakin,S (2694)/
Khanty-Mansiysk 2007/0-1}) (10... Qe7 11. Qe2 Bg4 12. Qe1 d5 13. Kh1 Bc7 14. f3
Be6 15. d4 exd4 16. e5 dxc3 17. bxc3 Nd7 18. f4 Bf5 19. a4 Bb6 20. a5 Bc5 21.
Bd1 f6 22. Nb3 O-O 23. a6 b6 24. Nd4 Bd3 25. Rf3 {Brzozka,S-Fichtl,J/Warsaw
1961/0-1}) 11. Nc4 Bc7 12. Ne3 O-O 13. Qf3 g6 14. g4 h5 15. h3 hxg4 16. hxg4
Kg7 17. Kg2 Nh7 18. Rh1 Ng5 19. Qg3 Rg8 20. Kf1 (20. Nc2 Kf8 $16) 20... Bd7 (
20... a5 $142 $5 $11) 21. Nf5+ $16 Kf8 (21... gxf5 22. gxf5 Kf8 23. Rg1 f6 24.
Bxg8 d5 25. Qh4 $18 Kxg8 (25... Qe7 26. Bxg5 fxg5 27. Rxg5 Qf6 28. Bxd5 cxd5
29. Rg8+ Kxg8 30. Qxf6 Bd8 31. Qd6 dxe4 32. Qd5+ Kf8 33. Qxb7 $18) 26. Bxg5
fxg5 27. Rxg5+ Kf8 28. Qh6+ Ke8 29. Rg8+ Ke7 30. Rg7+ Ke8 31. Qh8#) 22. Qh4
gxf5 23. Qh6+ Ke8 24. gxf5 d5 25. Qxg5 $1 Rxg5 (25... Qxg5 26. Bxg5) 26. Rh8+
Ke7 27. Bxg5+ f6 28. Rxd8 Rxd8 29. Be3 Bb6 30. Ke2 Be8 (30... Bxe3 31. Kxe3 Rh8
32. Rg1 $16) 31. Rh1 $18 Bf7 32. Rh7 (32. d4 exd4 33. cxd4 Bc7 $18) 32... Bxe3
$16 33. fxe3 Kf8 34. exd5 cxd5 35. Rh8+ Bg8 36. e4 Kg7 37. Rh4 Bf7 38. exd5
Bxd5 39. Bxd5 Rxd5 40. Rc4 Kh6 41. Rg4 Kh5 42. Rg7 a5 (42... Ra5 43. a3 b5 44.
Rg6 $18) 43. Ke3 b5 44. Ke4 Rd8 45. Rg6 Rd6 46. d4 exd4 47. cxd4 Rc6 48. Rg2
Rc1 49. Kd5 Re1 50. Kc6 b4 51. b3 (51. d5 Rc1+ 52. Kd7 a4 $18) 1-0